=LDR 00000nam 2200000 4500 =001 INLIS000000000023339 =005 20130612122020 =008 ***********************************Ind** =035 ##$$a0010-061300000023339 =041 ##$$a Ind =090 ##$$a 658, Dir m =100 ##$$a Dirgantoro Crown =245 ##$$a Manajemen stratejik, Crown Dirgantoro =260 ##$$a 2004 $b Jakarta =300 ##$$a 173 hlm, 21 cm =650 ##$$a Manajemen =850 ##$$a NBPNMAT =990 ##$$a 21196150/BPAP-NTB/2014 =990 ##$$a 0001/BPAP-NTB/20142014